| 000 | 00901nam a22002777a 4500 | ||
|---|---|---|---|
| 003 | DO-SdBPM | ||
| 005 | 20241204092457.0 | ||
| 008 | 180223b2001 sp a 00| 0 spa d | ||
| 020 | _a9788420444291 | ||
| 040 |
_aDO-SdBPM _bspa _cBPMSU |
||
| 082 | 4 |
_a863.64 _bS572n 2001 _222 |
|
| 100 | 1 |
_aSierra i Fabra, Jordi, _d1947- _948 |
|
| 245 | 1 | 3 |
_aEl niño que vivía en las estrellas / _cJordi Sierra i Fabra ; ilustraciones Carme Solé ; editora Martha Higueras Díez |
| 250 | _a10a ed. | ||
| 260 |
_aEspaña : _bAlfaguara, _c2001 |
||
| 300 |
_a108 p. : _bil. ; _c21 cm. |
||
| 490 | 0 | _aAlfaguara juvenil | |
| 490 | 1 | _aSalud | |
| 590 | _aInventariado, 2024/VM | ||
| 650 | 4 | _aNovela juvenil española | |
| 650 | 4 | _aLiteratura juvenil española | |
| 700 | 1 |
_aSolé, Carme, _eilustraciones |
|
| 700 | 1 | 2 |
_aHigueras Díez, Martha, _eed. |
| 910 | _aVMateo V. Control de calidad. BPMSU | ||
| 942 |
_2ddc _cBK |
||
| 999 |
_c13336 _d13336 |
||